Parties du corps sans voyelles - Statistiques

Statistiques générales
  • Ce quiz a été pris 34 842 fois
  • Le résultat moyen est 16 sur 20
Statistiques - réponses
Indices Réponses % Correct
JMB Jambe
100%
NZ Nez
99%
DGT Doigt
98%
NMBRL Nombril
97%
CHVLL Cheville
96%
BRS Bras
95%
STMC Estomac
91%
FSS Fesse
91%
DNT Dent
90%
CHV Cheveu
87%
NTSTN Intestin
84%
HNCH Hanche
82%
PMN Poumon
79%
CRV Cerveau
73%
LVR Lèvre
65%
LNG Langue
64%
NGL Ongle
61%
MLLT Mollet
60%
CSS Cuisse
55%
RLL Oreille
55%
Aucun quiz correspondant
Distribution des résultats
% des personnes avec chaque résultat
Percentile par nombre de réponses
Votre historique - résultats
Vous n’avez pas pris ce quiz